banner-ar

OPTIMZATION METHODS IN ELECTRONIC CIRCUIT DESIGN / (Record no. 21347)

MARC details
000 -الفاتح
حقل البيانات ثابتة الطول 00463nam a2200169Ia 4500
008 - عناصر البيانات ثابتة الطول - معلومات عامة
حقل البيانات ثابتة الطول 140319s9999 xx 000 0 eng d
040 ## - مصدر الفهرسة
وكالة الفهرسة الأصلية GCL /
وكالة النسخ GCL
082 04 - رقم تصنيف ديوى العشرى
رقم التصنيف 621.3815
رقم المادة M O
100 1# - المدخل الرئيسى - إسم شخصى
الإسم الشخصى MASSARA, R.E
245 10 - بيان العنوان
العنوان OPTIMZATION METHODS IN ELECTRONIC CIRCUIT DESIGN /
بيان المسئوليه,etc MASSARA, R.E
260 ## - PUBLICATION, DISTRIBUTION, ETC. (IMPRINT)
تاريخ النشر أو التوزيع 1991
300 ## - الوصف المادى
التعداد 197 p
650 04 - المدخل الاضافى بالموضوع-مصطلح موضوعى
مصطلح موضوعي ELECTRONICS
650 04 - المدخل الاضافى بالموضوع-مصطلح موضوعى
مصطلح موضوعي CIRCUIT DESIGN
942 ## - عناصر المدخل الإضافي( كوها)
مصدر التصنيف او مخطط الترفيف Dewey Decimal Classification
Koha [default] item type كتاب
260 ## - PUBLICATION, DISTRIBUTION, ETC. (IMPRINT)
-- [S.N] :
-- LONFMSN SCIENTIFIC TECHNICAL ،
Holdings
حالة التراجع حالة الفقد حالة تلف ليس للاعارة المكان المؤقت الموقع الحالى تاريخ الاكتساب اجمالي اﻻعارات رقم الطلب الباركود تاريخ اخر مشاهدة تاريخ تفعيل السعر نوع وعاء كوها
        مكتبة القاهرة الكبرى مكتبة القاهرة الكبرى 03/26/2014   621.3815\M O 39494 03/26/2014 03/26/2014 كتاب

Powered By

EGPV